La historia de Raselas: Principe de Abisinia
Sparad:
| Huvudupphovsman: | |
|---|---|
| Materialtyp: | Bok |
| Språk: | spanska |
| Publicerad: |
Buenos Aires
Guillermo Kraft
1951
|
| Serie: | Colección Vértice
|
| Ämnen: | |
| Taggar: |
Lägg till en tagg
Inga taggar, Lägg till första taggen!
|
MARC
| LEADER | 00000cam a2200000 a 4500 | ||
|---|---|---|---|
| 001 | UCG9646 | ||
| 003 | CL-VaPUC | ||
| 005 | 20220513074347.0 | ||
| 008 | 120323e19510000AG |||||||||||||||||spa|d | ||
| 999 | |c 347192 |d 347190 | ||
| 040 | |c Pontificia Universidad Católica de Valparaíso | ||
| 082 | 0 | 4 | |a 823 |b JOH |2 21 |
| 100 | |a Johnson, Samuel |e author |9 858427 | ||
| 245 | 1 | 3 | |a La historia de Raselas: Principe de Abisinia |
| 260 | |a Buenos Aires |b Guillermo Kraft |c 1951 | ||
| 300 | |a 282 p | ||
| 490 | 0 | |a Colección Vértice | |
| 583 | |a last modification |c 20140714 09:11:09 |k Rodrigo Vera | ||
| 650 | 0 | |a Cuentos ingleses |9 265135 | |
| 650 | 0 | |a Literatura inglesa |9 312907 | |
| 852 | |a BIBCUR | ||
| 942 | |c BK |2 ddc | ||
| 945 | |d 20120323 00:00:00 |a dcastane | ||
| 952 | |0 0 |1 0 |4 0 |6 823_000000000000000_JOH_1951 |7 0 |8 A |9 448367 |a BIBART |b BIBART |d 2019-11-22 |i 4807170 |o 823 JOH 1951 |p 4807170 |r 2025-03-13 |w 2019-11-22 |y BK |k ART | ||
| 952 | |0 0 |1 0 |3 erb |4 0 |6 823_000000000000000_JOH_1951 |7 0 |8 A |9 448368 |a BIBART |b BIBART |i 5048761 |o 823 JOH 1951 |p 5048761 |r 2025-03-13 |w 2019-11-22 |y BK |z Catalogado en:20140717 |k ART | ||